000 00895cab a2200241 4500
001 ABS57353
008 090401t1997 xxu||||| |||| 00| 0 eng d
035 _a(Sirsi) u79951
041 _aeng
100 _aHall, B.
245 _aPermission no longer granted
260 _c1997
350 _a0
490 _aProperty Week
_v60(4) 25 July 1997, 24(1)
520 _aReviews how planning permission can never be absolutely safe, even when a commercial property sale is based upon it, because of the little-used power under the Town and Country Planning Act 1990 s97 for local authorities to revoke or modify any permission if it considers it expedient to do so.
650 _aCOMPENSATION
650 _aMODIFICATION ORDERS
650 _aPLANNING PERMISSION
650 _aTOWN AND COUNTRY PLANNING ACT S97
690 _aPLANNING LAW AND PRACTICE
942 _n0
948 _c28/07/1997
999 _c50314
_d50314